LEADER 01009nab a2200157 i 4500 001 000000276259 003 CaOOAMICUS 005 20111107000000.0 008 111107n xx uu u0 0und r 013 $a25850 040 $aSeMil$bita 245 13$aLa Chiesa cattolica e l'Unità d'Italia ; Jacques Maritain and Charles Journet on "Humanae vitae" ; L'américanisation d'un intellectuel français :$ble cas d'Yves Simon ; In Memoriam : Ramon Sugranyes de Franch (1911-2011). - 101 p. - Titoli dalla cop. 500 $aJanvier-Avril 2011. 700 1 $aUnipol Gruppo Finanziario .$0(OLS)http://semarc/name/84122 773 0 $t[2011.$dRome : Institut International Jacques Maritain, 2011 (stampa 2011-2012)$w()207839 996 $6245$aLa Chiesa cattolica e l'Unità d'Italia ; Jacques Maritain and Charles Journet on "Humanae vitae" ; L'américanisation d'un intellectuel français :$ble cas d'Yves Simon ; In Memoriam : Ramon Sugranyes de Franch (1911-2011). - 101 p. - Titoli dalla cop.$9(OLS)http://semarc/title/361815 LEADER 01364nam a2200277 i 4500 001 000000000682 003 CaOOAMICUS 005 20250514114914.0 008 180830s1985 gw u000 u und u 040 $aSeMil$bita 100 1 $aLuz, Ulrich,$d<1938- >.$0(OLS)http://semarc/name/538 245 14$aDas Evangelium nach Matthäus /$cUlrich Luz. 264 1$aNeukirchen-Vluyn :$bNeukirchener ;$aDüsseldorf ; Zürich :$bBenziger,$c1985-2002. 300 $a5 v. ;$c24 cm. 490 1 $aEKK = Evangelisch-Katholischer Kommentar zum Neuen Testament ;$v1 650 4$aBibbia. Nuovo Testamento. Vangelo secondo Matteo - Commentari, studi, critica, interpretazioni.$0(OLS)http://semarc/subject/32 774 0 $tMt. 8-17.$z3-545-23119-4$z3-7887-1334-8$g2$w()34504 774 0 $tMt 18-25.$z3-545-23129-1$z3-7887-1580-4$g3$w()59148 774 0 $tMt 1-7.$z3-545-23114-3$z3-7887-0767-4$g1$w()59188 774 0 $tMt 26-28.$g4$w()106136 774 0 $tMt 1-7.$g1$w()106766 830 0$aEKK = Evangelisch-Katholischer Kommentar zum Neuen Testament ;$v1.$0(OLS)http://semarc/title/60 996 $6245$aDas Evangelium nach Matthäus$9(OLS)http://semarc/title/993 996 $6264$aNeukirchen-Vluyn :$bNeukirchener$9(OLS)http://semarc/publisher/29645 996 $6264$aDüsseldorf ; Zürich :$bBenziger$9(OLS)http://semarc/publisher/29959